000 00345 a2200157 4500
001 61509
020 _a9788508147267
040 _cAnchieta - Pituba
100 _aHaddix, Margaret Peterson
240 1 0 _aO ultimo desafio
_lpor
245 1 0 _aO ultimo desafio
300 _a332
362 0 _a2011
650 4 _aLiteratura juvenil
942 _cBK
999 _c61509
_d61509